000 00643nam a2200229Ia 4500
003 OSt
005 20220923230447.0
006 a|||||r|||| 00| 0
007 ta
008 Pun
024 _a282,184
037 _cTextual
040 _aARTS
_cARTS
_bPun
041 _2Pun
_aPun
082 _aO153,3N291:g, L7
100 _aਭਾਟੀਆ, ਉਤਮ ਸਿੰਘ
245 0 _aਨਾਵਲਕਾਰ ਜਸਵੰਤ ਸਿੰਘ ਕੰਵਲ
260 _c1977
650 _aਪੰਜਾਬੀ ਸਾਹਿਤ
942 _hO153,3N291:g, L7
_cTEXL
_2CC
999 _c384951
_d384951